Chess. (WT. 322.9 g)
Chess. The game of chess is played by two people, each having command of an army of sixteen pieces, on a board divided into sixty-four squares.
Record details
- Physical Description: 1 game (1 chess board, 16 pawns, 4 rooks, 4 bishops, 4 knights, 2 kings, 2 queens) cardboard, color ; in container 39 x 20 x 4 cm. + 1 folded instruction sheet.
- Publisher: New York : Pressman Toy Corporation, ©2011.
Content descriptions
| General Note: | Title from container. For 2 players. "1124"--container. WT. 322.9 g |
| Target Audience Note: | Ages 8 and up. |
Search for related items by subject
| Subject: | Chess. Strategy. |
| Genre: | Puzzles and games. |
Available copies
- 1 of 1 copy available at scottsboropl.
Holds
- 0 current holds with 1 total copy.
Show Only Available Copies
| Location | Call Number / Copy Notes | Barcode | Shelving Location | Status | Due Date |
|---|---|---|---|---|---|
| scottsboropl | J REA Che | 32269001063992 | Juvenile - Games | Available | - |
| LDR | 01275nra a2200313 a 4500 | ||
|---|---|---|---|
| 001 | 147295 | ||
| 003 | SBPL | ||
| 005 | 20220718190750.0 | ||
| 007 | z| | ||
| 008 | 180524r nyu gleng d | ||
| 035 | . | ‡a(CONS)147295 | |
| 035 | . | ‡a(CPomAG)LMN606485 | |
| 245 | 0 | 0. | ‡aChess. (WT. 322.9 g) |
| 264 | 1. | ‡aNew York : ‡bPressman Toy Corporation, ‡c©2011. | |
| 300 | . | ‡a1 game (1 chess board, 16 pawns, 4 rooks, 4 bishops, 4 knights, 2 kings, 2 queens) ‡bcardboard, color ; ‡cin container 39 x 20 x 4 cm. + 1 folded instruction sheet. | |
| 336 | . | ‡athree-dimensional form ‡btdf ‡2rdacontent | |
| 337 | . | ‡aunmediated ‡bn ‡2rdamedia | |
| 338 | . | ‡aobject ‡bnr ‡2rdacarrier | |
| 500 | . | ‡aTitle from container. | |
| 500 | . | ‡aFor 2 players. | |
| 500 | . | ‡a"1124"--container. | |
| 500 | . | ‡aWT. 322.9 g | |
| 520 | . | ‡aChess. The game of chess is played by two people, each having command of an army of sixteen pieces, on a board divided into sixty-four squares. | |
| 521 | . | ‡aAges 8 and up. | |
| 650 | 0. | ‡aChess. | |
| 650 | 0. | ‡aStrategy. | |
| 655 | 7. | ‡aPuzzles and games. ‡2lcgft | |
| 710 | 1 | . | ‡aPressman Toy Company. |
| 914 | . | ‡aSCP_kt | |
| 959 | . | ‡i32269001063992 ‡lREA Che ‡aSTEM - Lab ‡tRealia ‡g10.00 ‡cItem must be checked out at the front desk. ‡dVerify 1 chess board, instruction sheet, and 32 chess pieces. | |
| 852 | . | ‡p32269001063992 ‡jREA Che ‡gSTEM - Lab ‡cRealia ‡y10.00 ‡bSBPL | |
| 901 | . | ‡a147295 ‡bUnknown ‡c147295 ‡tbiblio | |